000
00278nam a2200109Ia 4500
008
200302s9999 xx 000 0 und d
100
_a
Andrew Ballantyne
245
_a
key concepts in geography 2nd ed.
260
_b
Laurence King Publishing Ltd.,
260
_c
2012
300
_a
320
999
_c
6279
_d
6279